00413nam a2200145Ia 4500003000400000008004100004040001600045082001500061100002300076245006400099260005100163300001000214650002600224650001700250GCL140319s9999 xx 000 0 eng d aGCL / cGCL04a823.9bI M1 aINNES, CHRISTOPHER10aMODERN GERMAN DRAMA: A STUDY IN FROM / cINNES, CHRISTOPHER a[S.N] : bCAMBRIDGE UNIVERSITY PRESS ، c1979 a297 P04aHISTORY AND CRITICISM04aGERMAN DRAMA